A csikó és a csavargó

Bibliographic Details
Main Author: Duba, Gyula, 1930-2024 (Author)
Format: Article
Language:Hungarian
Slovak
PhysicalDescription:Obr.
Subjects:

MARC

LEADER 00000nab a2200000 a 4500
001 vtls000649354
003 SK-MaSNL
005 20260303222028.0
008 160314c xo 0 hun
015 |a SNBRA1998/01-01911 
035 |a CLN000001549 
040 |a SNKBUCL  |b slo  |c SNKBUCL  |e AACR2 
041 0 |a slo 
044 |a xo  |c SK 
080 |a 894.511 (437.6)-3(087.5)=945.11  |2 UDC-MRF-SK2 
100 1 |a Duba, Gyula,  |d 1930-2024  |4 aut  |9 100813 
245 1 0 |a A csikó és a csavargó  |c Duba Gyula 
300 |b Obr. 
650 0 7 |a autorské rozprávky, maďarské  |x úryvky  |2 snkbucl  |9 13370 
773 0 |t Tücsök  |g Roč. 8, č. 5 (1997/98), s. 8-9 
850 |a Slovenská národná knižnica v Martine 
852 |a SNK  |b KIS3GCP 
958 |a HU 
958 |a LX 
958 |a SK 
958 |a RBX 
999 |c 2237755  |d 2239685